| 000 | 01209nam a2200325 i 4500 | ||
|---|---|---|---|
| 001 | 000044428 | ||
| 003 | DO-SdBNP | ||
| 005 | 20250129073605.0 | ||
| 007 | ta | ||
| 008 | 140630s2013 dr a 000 0bspa d | ||
| 020 | _a9789945890228 | ||
| 040 |
_aDO-SdBNP _bspa _cBNPHU _erda |
||
| 082 | 4 |
_a923.27293 _bD812c, 2013 _222 |
|
| 100 | 1 |
_aCabral, Euri, _91097 _eautor _4aut. |
|
| 245 | 1 | 0 |
_aDuarte : _bpadre de la patria dominicana, un hombre de fé y acción / _cEuri Cabral ; prólogo, Juan Daniel Balcácer. |
| 250 | _asegunda edición | ||
| 264 |
_aSanto Domingo : _bEditorial Ianna, _c@2013. |
||
| 300 |
_a283 páginas : _bilustraciones ; _c23 cm. |
||
| 336 |
_atexto _btxt _2rdacontent |
||
| 337 |
_asin mediación _bn _2rdamedia |
||
| 338 |
_avolumen _bnc _2rdacarrier |
||
| 500 | _aIncluye referencias bibliográficas y notas al pie de las páginas | ||
| 504 | _aBibliografías : páginas 275-283 | ||
| 590 | _aInventariado, 2024/BT | ||
| 600 | 1 | 4 |
_aDuarte, Juan Pablo, _d1813-1876 _91494 |
| 651 | 4 |
_aRepública Dominicana -- _xHistoria -- _y1844-1930 _91009 |
|
| 700 | 1 |
_aBalcácer, Juan Daniel, _d1949- _eprologista _4pról. _96566 |
|
| 910 | _aValidado. Control de calidad MFF | ||
| 942 |
_2ddc _cLBS1 |
||
| 999 |
_c43917 _d43917 |
||